00239nam a22000857a 4500082001500000245005200015260005100067300000900118650002600127 aB3N42 M691 aEuropean Union and India bPartners in progress aNew Delhi bAmbassador Micheal Caillouetc2003 a47p. aPublic administration